The Beatles-Please Please Me (Tracklist) - Statistics

General Stats
  • This quiz has been taken 61 times
  • The average score is 12 of 14
Answer Stats
Track # Song % Correct
7 Please Please Me
97%
14 Twist And Shout
97%
5 Boys
90%
4 Chains
90%
11 Do You Want To Know A Secret
87%
8 Love Me Do
87%
3 Anna (Go to Him)
84%
1 I Saw Her Standing There
84%
9 P.S. I Love You
84%
2 Misery
81%
6 Ask Me Why
74%
12 A Taste Of Honey
74%
13 There’s a Place
71%
10 Baby It’s You
68%
No matching quizzes found
Score Distribution
Percent of People with Each Score
Percentile by Number Answered
Your Score History
You have not taken this quiz